000 00851nam a2200265Ia 4500
003 OSt
005 20220925231606.0
006 a|||||r|||| 00| 0
007 ta
008 220923b |||||||| |||| 00| 0 eng d
020 _a140513707X
_c1698.26
037 _b101/CBS/07-08, 18/10/2007, PIONEER BOOK DISTRIBUTORS
_cGeneral Book
040 _aRTL
_cRTL
_beng
041 _2eng
_aeng
082 _aXM5:8, P7
100 _aLuo Yadong
_923125
245 0 _aGlobal dimensions of corporate governance
260 _aMalden
_bBlackwell
_c2007
300 _axvi, 276p
_ccm.
490 _aBlackwell Global Dimensions of business Series
500 _aBibliography Chapterwise
650 _aCommerce
942 _hXM5:8, P7
_cGB
_2CC
999 _c588881
_d588881